| 000 | 00698nam a22001817a 4500 | ||
|---|---|---|---|
| 008 | 120815t xxu||||| |||| 00| 0 eng d | ||
| 020 | _a1861526369 | ||
| 050 | _aQA76.Z4 | ||
| 245 |
_aThe IEBM handbook of information technology in business. / _cMilan Zeleny ed. |
||
| 260 |
_aAustralia : _bThonson, _c2000. |
||
| 300 |
_axvii, 870 p. : _bill. ; _c25 cm. |
||
| 500 | _aIncludes index. | ||
| 505 | _aContents: IT/S business environment -- IT/S conceptual support -- IT/S hardware and software tools -- IT/S strategic applications. | ||
| 650 |
_a Business _x Data processing |
||
| 650 |
_a Management information systems _x Information technology |
||
| 700 | _aZeleny, Milan | ||
| 942 |
_2lcc _cBK |
||
| 999 |
_c2025 _d9525 |
||